000 00344nam a2200133Ia 4500
005 20251222144635.0
008 251222s9999||||xx |||||||||||||| ||spa||
020 _a978-603-4030-02-2
082 _a869.004/D11
100 _aD'Angelo, Biagio
245 0 _aLas Babas del Sabio:
264 _bUniversidad Católica Sedes Sapientiae
942 _cLIB
999 _c16464
_d16464